163 niche greek mythological characters - Statistieken

Algemene statistieken
  • Deze quiz is 5 keer genomen
  • De gemiddelde score is 4 van 163
Antwoordstatistieken
Hint Antwoord % Correct
Primordial personification of time Chronos
60%
Primordial personification of love Eros
40%
Male personification of strengh Kratos
40%
God that is half man half goat Pan
40%
Given to Achilles as a spoil of war Briseis
20%
A she-dragon Echidna
20%
Personification of the darkness Erebus
20%
Monster with one body and three heads Geryon
20%
Female messenger of the Olympians and goddess of rainbows Iris
20%
Nine-headed serpent slayed by Heracles Lernean Hydra
20%
Personification of the night Nyx
20%
Cyclop blinded by Odysseus Polyphemus
20%
Son of Odysseus that went searching for him Telemachus
20%
Storm-giant that laid siege to the heavens Typhon
20%
Prince of Colchis killed by the Colchian princess Medea to slow down the Colchian ships Absyrtus
0%
Turned into a stag by Artemis and was teared into pieces by his own dogs Actaeon
0%
King of Cochis Aeëtes
0%
Product of incest and the above killed Agamemnon to be with him Aegisthus
0%
God of the winds Aeolus
0%
Mother of Theseus Aethra
0%
Strongest Greek warrior in the Trojan war Ajax the great
0%
Greek warrior with the same name as above Ajax the Lesser
0%
Goddess of truth Aletheia
0%
Wife of Poseidon Amphitrite
0%
Personification of inevitability Ananke
0%
Titan goddess of warming, heat and fire Anchiale
0%
Wife of Hector Andromache
0%
Personification of deceit Apate
0%
Lydian girl who challenged Athena to a weaving contest, she won and was turned into a spider Arachne
0%
Messenger of the Titans Arce, Arke
0%
Immortal wife of Dionysos Ariadne
0%
Mother of the two above Asia
0%
Titan goddess of Delos Asteria
0%
Titan god of the stars Astraeus
0%
Son of the Hector and the above Astyanax
0%
First to wound the above Atalanta
0%
Husband of the above and father of the two hated by the above Athamas
0%
Heracles had to clean this king his stable Augeas
0%
Tian goddess of the breeze Aura
0%
Poor woman who hosted Zeus and Hermes when they were in disguise Baucis
0%
Female personification of force Bia
0%
God of the northern wind Boreas
0%
Greek goddess of mountains hunting and fishing nets Britomartis
0%
Greek seer during the Trojan war Calchas
0%
Muse of epic poetry Calliope
0%
Gigantic boar sent by Artemis to ravage the countryside of a certain city Calydonian boar
0%
Other princess of Colchis Chalciope
0%
Goddess of snow Chione
0%
Given to Agamemnon as a spoil of war Chryseis
0%
Muse of history and lyre playing Clio
0%
Wife of Agamemnon Clytemnestra
0%
Titan god of intelligence Coeus
0%
This creature guarded the Golden Fleese Colchian Dragon
0%
Thessalian naiad-nymph and daughter of Gaia Creusa
0%
Titan god of the heavenly constellations Crius
0%
Gigantic boar slayed by Theseus Crommyonian Sow
0%
An Anatolian mother goddess Cybele
0%
A fabled dragon or serpent slayed and named after the person above Cychreides
0%
Legendary king of Salamis Cychreus
0%
Marries Helen after Paris his death Deiphobus
0%
Heracles had to bring back his mares | Only mortal to have ever wounded a god Diomedes
0%
Titan goddess of the oracle of Dodona Dione
0%
Can only repeat the words of others Echo
0%
Goddess of childbirth Eileithyia
0%
Wife of the above Electra
0%
Gigante who was put under Mount Etna Enceladus
0%
Female goddess of war, not Athena Enyo
0%
Titan god of afterthought Epimetheus
0%
Muse of erotic and lyrical choral poetry Erato
0%
Goddess of twist Eris
0%
Boar ordered to be captured by Heracles by the above Erymanthian Boar
0%
Argonaut who could run on water Euphemus
0%
God of the eastern wind Eurus
0%
First titan queen wrestled by Rhea Eurynome
0%
King of Tiryns, he orders the twelve labours to Heracles Eurystheus
0%
Muse of the flute and lyric poetry Euterpe
0%
Sea nymph loved by the cyclops blinded by Odysseus Galatea
0%
Trojan prince who was the most beautiful man on earth, he was kidnapped by Zeus and turned in to the male cupbearer of the gods Ganymede
0%
Personification of old age Geras
0%
Revived after drowning in a jar of honey Glaucus
0%
Goddess of Youth and female cupbearer of the gods Hebe
0%
Goddess of magic witchcraft and necromancy Hecate
0%
Queen of Troy Hecuba
0%
Male Trojan seer Helenus
0%
Daughter of the above Helle
0%
Heracles had to obtain her belt Hippolyta
0%
Male lover of Apollo Hyacinth
0%
Primordial personification of water Hydros
0%
Goddess of good health Hygeia
0%
Titan god of light Hyperion
0%
Titan god of Mortality Iapetus
0%
King of Crete during the Trojan war Idomeneus
0%
Hated the two above and was their stepmother Ino
0%
Spinning on a wheel for eternity Ixion
0%
Daughter of Helios who guarded his sacred cattle Lampetia
0%
Warned the Trojans to not accept the Trojan horse Laocoön
0%
Titan god of air Lelantus
0%
Mother of Apollo and Artemis Leto
0%
Nymph turned into a white poplar Leuce
0%
Creature with the body of a stag, neck of a lion, cloven hooves and a wide mouth with sharp teeth Leucrocotta
0%
Music teacher of Heracles Linus
0%
The first man to become a werewolf Lycaon
0%
Healer of the Greek army during the Trojan war Machaon
0%
Challenged Apollo to a music contest Marsyas
0%
Seer who understood animal speech Melampus
0%
Slayers the boar wounded by the above Meleager
0%
Muse of tragedy and chorus Melpomene
0%
King of Sparta during the Trojan war Menelaus
0%
Titan god of rashness Menoetius
0%
Oceanid goddess of wisdom Metis
0%
Half bull half human son of the above Minotaur
0%
Titan goddess of memory and remembrance Mnemosyne
0%
Personification of doom and fate Moros
0%
Lion with impenetrable skin slayed by Heracles Nemean lion
0%
Son of Achilles who turned the tide in the Trojan war Neoptolemus
0%
Cloud nymph that looks like Hera Nephele
0%
Elderly wise king of Pylos Nestor
0%
Insulted the above Niobe
0%
God of the southern wind Notus
0%
First titan king wrestled by Kronos Ophion
0%
Killed his mother for cheating, son of Agamemnon Orestes
0%
Two-headed serpent-tailed dog which guarded the red cattle of the person above Orthrus
0%
Personification of the mountains Ourea
0%
Titan god of warcraft Pallas
0%
Fell in love with a bull and was impregnated by one Pasiphaë
0%
Best friend, maybe even lover, of Achilles Patroclus
0%
Denied Dionysos his divinity Pentheus
0%
Titan god of destruction Perses
0%
Primordial god of creation Phanes
0%
Titan goddess of bright intellect Phoebe
0%
Brother of the above Phrixus
0%
Primordial personification of nature Physis
0%
Muse of hymns Polyhymnia
0%
Primordila personification of the sea Pontus
0%
King of the Gigantes Porphyrion
0%
King of Troy Priam
0%
God of the vegetable gardens. He has a permanent erection. Priapus
0%
King of Cyprus who fell in love with an ivory statue Pygmalion
0%
God of wine-making and drunkenness Silenus
0%
Condemned to roll a boulder up a hill forever, only for it to roll back down each time Sisyphus
0%
Man eating birds driven away by Heracles Stymphalian Birds
0%
Suffers eternal hunger and thirst, food and water are just out of his reach Tantalus
0%
Muse of dance, chorus and light verse Terpsichore
0%
Titan goddess of the primal font of fresh water which nourishes the earth Tethys
0%
Greek master of archery Teucer
0%
Female personification of the sea Thalassa
0%
Muse of comedy Thalia
0%
Sea god and personification of the wonders of the sea Thaumas
0%
Titan goddess of sight Theia
0%
Rustic god who guarded the infant god Zeus The Kouretes
0%
Titan goddess of divine law and justice Themis
0%
Group of primordial goddesses that are the personifications of the islands The Nesoi
0%
Personification of creation Thesis
0%
Mother of Achilles Thetis
0%
Father of the above and king of Olympia Thyestes
0%
Blind prophet who was a female for a while Tiresias
0%
Assaulted the mother of Apollo and Artemis Tityos
0%
Founder of agriculture, judge of the afterlife and patron of the Eleusinian myseteries Triptolemus
0%
Goddess of fortune Tyche, Tykhe
0%
Muse of astronomy Urania
0%
Personification of rivalry Zelus
0%
God of the western wind Zephyrus
0%
Geen overeenkomende quizzen gevonden
Scoreverdeling
Procent van Mensen met Elke Score
Percentiel versus Aantal Correcte Antwoorden
Uw Scoregeschiedenis
U heeft deze quiz nog niet genomen